000 00462nam a2200181Ia 4500
005 20250423100345.0
008 250422s9999 xx 000 0 und d
020 _a9781597842488
050 _aBP 163 .S46/
100 _aSenih, Saffet
245 0 _aNo room for doubt
260 _aNew Jersey
260 _bTughra Books
260 _c2011
300 _a74 p
650 _a Qurʼan--Evidences, authority, etc. Islam--Appreciation.
942 _cBK
999 _c33064
_d33064